Statistics for 1,000 World Cities furthest from Larger City by Latitude Proximity

Click here to take the quiz!

General Stats

  • This quiz has been taken 3,448 times
  • The average score is 874 of 1000

Answer Stats

# Lat Lon Pop (k) Country D (km) City % Correct
10539.93116.39 21,100 China 958 Beijing
100%
10140.75-73.98 22,000 United States 3,360 New York
100%
9723.14113.33 47,700 China --- Guangzhou
99%
9147.57-122.34 4,075 United States 1,092 Seattle
99%
6141.3169.29 2,650 Uzbekistan 754 Tashkent
99%
7018.54-72.34 2,850 Haiti 257 Port-au-Prince
99%
4018.7998.98 200 Thailand 292 Chiang Mai
99%
10035.69139.75 39,500 Japan 2,903 Tokyo
99%
22-33.9622.46 174 South Africa 272 George
99%
6639.74-104.98 3,525 United States 934 Denver
99%
3418.51-88.3 134 Mexico 276 Chetumal
99%
7318.47-69.9 3,650 Dominican Republic 938 Santo Domingo
99%
2339.8198.29 122 China 367 Jiayuguan
99%
2540.59-122.39 89 United States 224 Redding
99%
35-33.9218.43 4,125 South Africa 1,261 Cape Town
99%
9245.5-73.58 4,100 Canada 405 Montréal
99%
7543.07141.34 2,500 Japan 831 Sapporo
99%
7240.8414.25 4,250 Italy 657 Naples
99%
7441.382.18 4,650 Spain 506 Barcelona
99%
6934.75113.67 4,675 China 441 Zhengzhou
99%
7239.9332.86 4,675 Turkey 351 Ankara
99%
36-33.92151.19 4,900 Australia 5,380 Sydney
99%
16-34.19142.16 30 Australia 327 Mildura
99%
9445.479.21 5,150 Italy 643 Milan
99%
9445.75126.65 5,150 China 508 Harbin
99%
10251.537.04 5,600 Germany 447 The Ruhr
99%
3341.1116.86 277 Italy 221 Bari
99%
3541.1180.27 340 China 364 Yingbazha
99%
5840.449.86 2,450 Azerbaijan 541 Baku
99%
4741.66-0.88 674 Spain 244 Zaragoza
99%
7247.92106.92 1,300 Mongolia 839 Ulaanbaatar
99%
30-33.9725.6 1,210 South Africa 662 Port Elizabeth
99%
5141.15-8.62 1,190 Portugal 273 Porto
99%
30-32.95-60.67 1,340 Argentina 278 Rosario
99%
7651.5846.03 1,090 Russia 333 Saratov
99%
7651.7339.27 1,040 Russia 286 Voronezh
99%
7444.8220.47 1,400 Serbia 316 Belgrade
99%
8251.08-114.08 1,420 Canada 675 Calgary
99%
764837.83 1,470 Ukraine 250 Donetsk
99%
5440.1844.51 1,480 Armenia 279 Yerevan
99%
6044.58129.6 665 China 256 Mudanjiang
99%
8040.4-3.68 6,250 Spain 1,054 Madrid
99%
5948.48135.08 579 Russia 359 Khabarovsk
99%
6851.7755.1 550 Russia 335 Orenburg
99%
8345.774.83 1,930 France 342 Lyon
99%
3439.9141.28 420 Turkey 239 Erzurum
99%
5740.65109.82 2,150 China 387 Baotou
99%
3841.26-95.94 408 United States 264 Omaha
99%
3841.2936.33 394 Turkey 292 Samsun
99%
7952.2521 2,275 Poland 260 Warsaw
99%
8345.52-122.68 2,275 United States 229 Portland
99%
5740.78-111.93 2,300 United States 601 Salt Lake City
99%
8342.33-83.08 5,700 United States 334 Detroit
99%
8244.98-93.25 3,050 United States 566 Minneapolis
99%
10913.75100.52 16,900 Thailand 1,533 Bangkok
99%
9023.7290.41 17,600 Bangladesh 1,425 Dhaka
99%
9641.129.01 14,300 Turkey 1,243 Istanbul
99%
8843.7-79.42 7,100 Canada 541 Toronto
99%
9142.33-71.07 7,350 United States 299 Boston
99%
9434.75135.46 17,800 Japan 404 Osaka
99%
10851.5-0.12 14,400 United Kingdom 2,508 London
99%
36-34.6-58.4 15,800 Argentina 1,674 Buenos Aires
99%
9333.99-118.18 17,600 United States 2,479 Los Angeles
99%
9035.6751.42 13,700 Iran 1,913 Tehran
99%
8741.8123.45 7,650 China 560 Shenyang
99%
7830.58114.27 8,000 China 567 Wuhan
99%
9641.83-87.75 9,800 United States 1,158 Chicago
99%
8030.67104.07 9,600 China 1,240 Chengdu
99%
15-33.86121.88 7 Australia 347 Esperance
99%
9255.7537.62 16,900 Russia 4,177 Moscow
99%
9319.44-99.13 22,100 Mexico 11,319 Mexico City
99%
8624.45118.08 10,000 China 505 Xiamen
99%
9219.0272.86 23,200 India 887 Mumbai
99%
34-33.45-70.67 7,050 Chile 1,139 Santiago
99%
10131.22121.44 30,900 China 1,201 Shanghai
99%
10548.872.33 11,200 France 341 Paris
99%
9624.8766.99 24,300 Pakistan 1,101 Karachi
99%
9337.57127 24,400 South Korea 870 Seoul
99%
9528.6777.23 26,400 India 3,654 Delhi
99%
25-33.0227.91 478 South Africa 239 East London
98%
7759.3518.1 2,075 Sweden 691 Stockholm
98%
5144.8565.51 300 Kazakhstan 435 Kyzylorda
98%
6129.49-98.51 2,050 United States 308 San Antonio
98%
6152.4330.98 480 Belarus 222 Gomel
98%
5930.7276.78 2,025 India 231 Chandigarh
98%
5849.8373.17 451 Kazakhstan 574 Karagandy
98%
7834.28108.89 6,650 China 565 Xi'an
98%
5734.28117.18 2,550 China 266 Xuzhou
98%
4542.9847.5 497 Russia 262 Makhachkala
98%
5339.49-0.4 1,930 Spain 298 Valencia
98%
6525.6285.13 2,475 India 232 Patna
98%
8930.0531.25 16,800 Egypt 2,899 Cairo
98%
5836.21-115.22 2,075 United States 365 Las Vegas
98%
5836.2337.17 2,125 Syria 313 Aleppo
98%
5951.83107.61 360 Russia 232 Ulan-Ude
98%
5552.03113.5 308 Russia 405 Chita
98%
9022.4988.32 16,000 India 253 Kolkata
98%
7744.4326.1 2,200 Romania 439 Bucharest
98%
8650.2619.02 2,375 Poland 307 Katowice
98%
67-22.93-43.23 12,700 Brazil 354 Rio de Janeiro
98%
6423.13-82.36 2,225 Cuba 365 Havana
98%
4729.560.86 551 Iran 375 Zahedan
98%
5244.5933.52 379 Ukraine 289 Sevastopol
98%
5445.0441.97 363 Russia 236 Stavropol'
98%
2018.6912.92 2 Niger 491 Bilma
98%
4343.26-2.93 354 Spain 245 Bilbao
98%
5244.65-63.57 359 Canada 641 Halifax
98%
7824.6446.77 6,700 Saudi Arabia 991 Riyadh
98%
7656.3344 1,760 Russia 402 Nizhny Novgorod
98%
4430.2857.08 577 Iran 441 Kerman
98%
9914.6120.98 23,300 Philippines 1,242 Manila
98%
6047.35130.3 743 China 331 Hegang
98%
64-23.56-46.63 21,800 Brazil 7,423 São Paulo
98%
7750.0814.47 1,470 Czech Republic 251 Prague
98%
6645.8115.98 800 Croatia 266 Zagreb
98%
5319.7596.13 925 Myanmar 246 Naypyidaw
98%
7148.7144.5 1,410 Russia 500 Volgograd
98%
6944.85-0.6 1,010 France 437 Bordeaux
98%
5136.17-86.78 1,360 United States 338 Nashville
98%
5038.29141.02 1,490 Japan 310 Sendai
98%
6856.0192.87 1,090 Russia 634 Krasnoyarsk
98%
5430.44-9.62 1,090 Morocco 398 Agadir
98%
7459.9210.75 1,140 Norway 419 Oslo
98%
6242.6823.32 1,330 Bulgaria 297 Sofia
98%
5630.2267.02 1,180 Pakistan 426 Quetta
98%
6454.9973.4 1,180 Russia 611 Omsk
98%
102-6.17106.83 28,100 Indonesia 3,319 Jakarta
98%
5625.57-103.42 1,300 Mexico 310 Torreón
98%
5236.3543.15 1,470 Iraq 340 Mosul
98%
6849.8424.02 717 Ukraine 294 Lviv
98%
926.443.39 17,100 Nigeria 6,366 Lagos
98%
5820.2785.83 1,730 India 357 Bhubaneswar
98%
4424.81-107.4 582 Mexico 409 Culiacan
98%
5720.05110.32 1,800 China 370 Haikou
98%
6552.3104.3 586 Russia 522 Irkutsk
98%
5543.11131.87 587 Russia 245 Vladivostok
98%
7143.3276.92 1,770 Kazakhstan 666 Almaty
98%
8447.519.08 2,575 Hungary 690 Budapest
98%
4829.1-110.98 595 Mexico 479 Hermosillo
98%
6229.6352.57 1,710 Iran 350 Shiraz
98%
5038.47106.27 1,530 China 346 Yinchuan
98%
775036.25 1,650 Ukraine 411 Kharkiv
98%
7355.0382.96 1,650 Russia 1,291 Novosibirsk
98%
7143.295.38 1,640 France 269 Marseille
98%
7655.87-4.25 1,620 United Kingdom 284 Glasgow
98%
4838.0946.3 1,620 Iran 400 Tabriz
98%
7355.6812.56 1,610 Denmark 289 Copenhagen
98%
6445.0438.98 649 Russia 249 Krasnodar
98%
5722.7986.2 1,540 India 221 Jamshedpur
98%
4947.22-1.55 277 France 273 Nantes
98%
2018.9-3.53 4 Mali 242 Araouane
98%
7255.7549.13 1,220 Russia 292 Kazan
98%
8143.87125.34 3,700 China 233 Changchun
98%
6533.673.04 3,850 Pakistan 242 Rawalpindi
98%
8138.9-77.01 8,350 United States 330 Washington
98%
8031.5674.35 10,200 Pakistan 423 Lahore
98%
7529.56106.59 7,050 China 272 Chongqing
98%
6334.5269.18 3,725 Afghanistan 370 Kabul
98%
4151.7194.45 108 Russia 302 Kyzyl
98%
2829.6591.1 118 China 353 Lhasa
98%
6825.07102.68 3,950 China 630 Kunming
98%
2633.39-104.52 48 United States 242 Roswell
98%
8225.04121.57 9,050 Taiwan 358 Taipei
98%
8043.8187.58 3,625 China 1,692 Ürümqi
98%
6133.536.3 3,475 Syria 612 Damascus
98%
6437.9823.73 3,425 Greece 570 Athens
98%
9052.5213.4 4,500 Germany 450 Berlin
98%
7025.2355.28 3,925 United Arab Emirates 855 Dubai
98%
2239.5154.37 87 Turkmenistan 260 Balkanabat
98%
2318.5531.85 19 Sudan 232 Kuraymah
98%
7521.5239.22 4,225 Saudi Arabia 847 Jeddah
98%
6828.2112.97 4,450 China 292 Changsha
98%
21-37.82144.98 4,400 Australia 708 Melbourne
98%
6933.54-112.07 4,325 United States 568 Phoenix
98%
7125.67-100.33 4,650 Mexico 633 Monterrey
98%
6735.1129.01 4,275 South Korea 328 Busan
98%
7537.74-122.46 7,600 United States 567 San Francisco
98%
6537.88112.55 4,200 China 360 Taiyuan
98%
2633.656.92 49 Iran 228 Tabas
98%
6833.6-7.62 4,175 Morocco 831 Casablanca
98%
7029.3747.98 4,150 Kuwait 537 Kuwait City
98%
7823.0372.58 7,450 India 445 Ahmedabad
98%
4856.67124.64 66 Russia 664 Neryungri
98%
13-34.73135.87 13 Australia 244 Port Lincoln
98%
7127.95-82.46 4,025 United States 326 Tampa
98%
8850.4330.52 3,375 Ukraine 758 Kiev
98%
4546.95142.74 176 Russia 354 Yuzhno-Sakhalinsk
98%
3825.06-77.34 227 Bahamas 297 Nassau
98%
6422.7275.87 2,775 India 338 Indore
98%
7728.02120.65 5,900 China 251 Wenzhou
98%
6536.09120.33 5,700 China 436 Qingdao
98%
7725.79-80.22 6,100 United States 1,484 Miami
98%
10113.0980.28 10,000 India 295 Chennai
98%
6036.06103.79 2,850 China 505 Lanzhou
98%
7833.3444.39 6,850 Iraq 695 Baghdad
98%
3633.58-101.86 229 United States 433 Lubbock
98%
6322.63120.27 2,800 Taiwan 297 Kaohsiung
98%
5838.4427.15 2,950 Turkey 303 Izmir
98%
5760.395.32 213 Norway 305 Bergen
98%
3633.52-86.8 212 United States 225 Birmingham
98%
4547.66-117.43 208 United States 368 Spokane
98%
6427.7285.32 2,775 Nepal 446 Kathmandu
98%
7232.05118.78 6,850 China 239 Nanjing
98%
7460.1824.93 1,230 Finland 300 Helsinki
98%
7329.82-95.34 6,200 United States 361 Houston
98%
6336.2759.57 3,075 Iran 737 Mashhad
98%
6522.82108.32 3,200 China 514 Nanning
98%
7433.83-84.4 5,500 United States 869 Atlanta
98%
2839.4575.98 274 China 343 Kashi
98%
22-33.3-66.34 183 Argentina 236 San Luis
98%
8359.9430.32 5,450 Russia 635 Saint Petersburg
98%
6139.16-84.46 2,725 United States 347 Cincinnati
98%
4647.1251.88 180 Kazakhstan 305 Atyrau
98%
5356.13101.61 256 Russia 461 Bratsk
98%
2337.73-25.67 20 Portugal 972 Ponta Delgada
97%
3960.72-135.05 23 Canada 271 Whitehorse
97%
2519.29-81.37 29 United Kingdom 313 George Town
97%
32-22.9614.51 52 Namibia 268 Walvis Bay
97%
4834.3847.06 766 Iran 271 Kahriz
97%
2329.1616.14 27 Libya 231 Waddan
97%
2424.9610.17 24 Libya 317 Ghat
97%
6154.7956.04 1,120 Russia 348 Ufa
97%
2329.260.23 49 Algeria 351 Timimoun
97%
2534.1777.58 37 India 229 Leh
97%
5430-90.04 1,010 United States 512 New Orleans
97%
2846.68113.28 15 Mongolia 316 Baruun-Urt
97%
5035.47-97.52 1,090 United States 300 Oklahoma City
97%
2439.06-108.55 58 United States 296 Grand Junction
97%
5350.55137.01 275 Russia 268 Komsomolsk-on-Amur
97%
31-23.38150.51 61 Australia 249 Rockhampton
97%
4425.732.64 422 Egypt 473 Luxor
97%
2546.78-56.18 6 France 238 Saint-Pierre
97%
3134.3562.2 272 Afghanistan 320 Herat
97%
4143.54-5.66 277 Spain 222 Gijon
97%
44-22.5617.08 268 Namibia 1,141 Windhoek
97%
38-23.65-70.4 309 Chile 521 Antofagasta
97%
4946.7723.6 316 Romania 307 Cluj-Napoca
97%
5652.2777 329 Kazakhstan 382 Pavlodar
97%
475.5695.32 250 Indonesia 429 Banda Aceh
97%
4454.8769.14 200 Kazakhstan 251 Petropavlov
97%
2129.225.52 7 Egypt 286 Siwa Oasis
97%
5553.4259.05 413 Russia 247 Magnitogorsk
97%
3330.44-84.28 181 United States 234 Tallahassee
97%
4223.36104.25 450 China 242 Wenshan City
97%
4038.5468.78 679 Tajikistan 305 Dushanbe
97%
3135.96-83.92 178 United States 230 Knoxville
97%
43-23.31-51.16 471 Brazil 299 Londrina
97%
2439.239.12 149 Italy 283 Cagliari
97%
5746.3548.04 502 Russia 374 Astrakhan'
97%
2438.1773.97 10 Tajikistan 225 Murghob
97%
5446.81-71.21 528 Canada 233 Quebec
97%
36-23.3543.67 115 Madagascar 409 Toliara
97%
4046.88-96.79 105 United States 335 Fargo
97%
4835.48.12 634 Algeria 231 Tebessa
97%
3537.9240.22 644 Turkey 267 Diyarbakir
97%
3946.8575 81 Kazakhstan 305 Balkhash
97%
3738.1313.34 648 Italy 310 Palermo
97%
4959.56150.8 95 Russia 872 Magadan
97%
4752.12-106.63 198 Canada 487 Saskatoon
97%
806.9379.86 4,675 Sri Lanka 682 Colombo
97%
93-6.839.27 5,300 Tanzania 2,453 Dar es Salaam
97%
9510.78106.7 8,250 Vietnam 748 Ho Chi Minh City
97%
87-12.05-77.05 9,950 Peru 3,130 Lima
97%
5323.1879.96 1,390 India 239 Jabalpur
97%
5638.64-90.24 2,350 United States 413 Saint Louis
97%
6536.763.05 3,675 Algeria 518 Algiers
97%
7028.68115.88 3,675 China 262 Nanchang
97%
6938.92121.63 4,500 China 334 Dalian
97%
8114.72-17.47 3,300 Senegal 1,800 Dakar
97%
819.94-84.08 1,840 Costa Rica 871 San José
97%
765.55-0.22 4,575 Ghana 411 Accra
97%
5838.72-9.14 2,600 Portugal 504 Lisbon
97%
20-36.85174.76 1,470 New Zealand 2,161 Auckland
97%
8315.5932.53 5,550 Sudan 1,606 Khartoum
97%
6236.810.18 2,500 Tunisia 570 Tunis
97%
5935.2-80.83 2,275 United States 361 Charlotte
97%
5539.11-94.6 1,920 United States 382 Kansas City
97%
7814.62-90.53 3,000 Guatemala 1,059 Guatemala City
97%
6553.250.15 1,320 Russia 527 Samara
97%
819.53-13.68 2,225 Guinea 706 Conakry
97%
6753.33-6.25 1,330 Ireland 221 Dublin
97%
9912.9777.56 10,500 India 837 Bangalore
97%
6436.67117 3,950 China 273 Jinan
97%
87-6.97110.42 2,050 Indonesia 259 Semarang
96%
36-7.08-41.47 57 Brazil 227 Picos
96%
7615.3544.21 2,475 Yemen 861 Sana'a
96%
3125.3997.39 90 Myanmar 273 Myitkyina
96%
3646.81-100.78 61 United States 304 Bismarck
96%
6621.03105.85 2,950 Vietnam 322 Hanoi
96%
7232.82-96.84 6,550 United States 1,282 Dallas
96%
5453.2534.37 427 Russia 238 Bryansk
96%
4122.28-97.87 309 Mexico 255 Tampico
96%
6249.88-97.15 632 Canada 619 Winnipeg
96%
3052.95-66.91 10 Canada 307 Labrador City
96%
2935.3325.14 137 Greece 320 Heraklion
96%
3060.37120.42 8 Russia 303 Olyokminsk
96%
3514.61-61.07 89 France 229 Fort-de-France
96%
5436.85-75.98 1,610 United States 244 Virginia Beach
96%
87-6.1523.6 1,860 Democratic Republic of the Congo 745 Mbuji-Mayi
96%
2345.76106.27 15 Mongolia 222 Mandalgovi
96%
3846.87-113.99 66 United States 261 Missoula
96%
8410.32123.9 2,275 Philippines 570 Cebu
96%
48-26.1728.03 13,400 South Africa 4,483 Johannesburg
96%
3745.78-108.5 104 United States 593 Billings
96%
4956.73-111.38 76 Canada 377 Fort McMurray
96%
3846.14-60.18 105 Canada 312 Sydney
96%
569.5644.07 477 Somalia 245 Hargeisa
96%
2823.68-15.96 75 Morocco 474 Dakhla
96%
8610.5-66.92 3,700 Venezuela 1,025 Caracas
96%
6518.44-66.13 2,150 United States 398 San Juan
96%
3731.954.37 477 Iran 266 Yazd
96%
17-23.12-134.97 1 France 1,536 Rikitea
96%
2537.1179.94 114 China 395 Hotan
96%
3648.38-89.25 99 Canada 439 Thunder Bay
96%
5018.342.73 387 Saudi Arabia 361 Khamis Mushait
96%
8417.478.48 9,000 India 500 Hyderabad
96%
786.28-75.58 3,800 Colombia 248 Medellín
96%
801.29103.86 6,900 Singapore 316 Singapore
96%
4653.2163.62 210 Kazakhstan 258 Kostanay
96%
4032.1120.07 650 Libya 652 Benghazi
96%
2360.35102.28 3 Russia 254 Vanavara
96%
6946.4930.71 1,110 Ukraine 391 Odessa
96%
4932.02112.13 1,560 China 258 Xiangyang
96%
489.5941.87 252 Ethiopia 241 Dire Dawa
96%
6018.09-15.98 1,060 Mauritania 405 Nouakchott
96%
819.0338.7 3,475 Ethiopia 987 Addis Ababa
96%
5224.539.58 1,340 Saudi Arabia 332 Medina
96%
727.11125.63 1,340 Philippines 402 Davao
96%
2330.139.5 7 Libya 238 Ghadamis
96%
3135.3440.14 242 Syria 236 Deir ez-Zor
96%
479.711.67 237 Benin 277 Djougou
96%
5235.71-0.62 1,340 Algeria 350 Oran
96%
5421.9796.09 1,400 Myanmar 443 Mandalay
96%
2760.79-161.76 6 United States 573 Bethel
96%
4753.04158.65 187 Russia 1,512 Petropavlovsk-Kamchatsky
96%
760.3232.58 3,025 Uganda 503 Kampala
96%
5051.2351.37 200 Kazakhstan 233 Oral
96%
5223.6158.59 1,180 Oman 380 Muscat
96%
4637.41-5.98 1,320 Spain 313 Seville
96%
6721.1779.09 3,025 India 422 Nagpur
96%
489.74118.74 222 Philippines 432 Puerto Princesa
96%
16-23.36119.74 5 Australia 356 Newman
96%
429.5331.66 160 South Sudan 386 Malakal
96%
4337.8832.48 1,210 Turkey 230 Konya
96%
829.087.53 2,825 Nigeria 340 Abuja
96%
3855.4578.32 48 Russia 296 Kuybyshev
96%
854.6-74.08 9,350 Colombia 1,869 Bogotá
96%
5228.64-106.09 809 Mexico 340 Chihuahua
96%
3248.47-81.33 42 Canada 221 Timmins
96%
3455.64109.32 25 Russia 255 Severobaikalsk
96%
758.97-79.53 1,460 Panama 511 Panama City
96%
2160.72-46.03 3 Denmark 484 Qaqortoq
96%
7020.67-103.33 4,975 Mexico 459 Guadalajara
96%
3555.17-118.8 41 Canada 291 Grande Prairie
96%
269.77140.52 - Federated States of Micronesia 264 Fais
96%
49-25.3-57.64 2,200 Paraguay 825 Asunción
95%
4915.4536.4 401 Sudan 272 Kassala
95%
48-25.9632.59 2,200 Mozambique 456 Maputo
95%
8010.73-71.66 2,475 Venezuela 519 Maracaibo
95%
8153.5510 2,750 Germany 255 Hamburg
95%
6221.2281.43 2,550 India 243 Bhilai
95%
2648.0170.79 13 Kazakhstan 227 Qarazhal
95%
20-23.9-61.85 10 Argentina 241 Ingeniero Guillermo N. Juarez
95%
48-25.42-49.32 3,275 Brazil 342 Curitiba
95%
17-35.28149.13 367 Australia 241 Canberra
95%
50-6.1735.74 180 Tanzania 224 Dodoma
95%
3915.24104.85 122 Thailand 233 Ubon Ratchathani
95%
36-25.51-54.61 320 Paraguay 305 Ciudad del Este
95%
724.069.71 2,825 Cameroon 605 Douala
95%
81-15.4228.28 2,275 Zambia 396 Lusaka
95%
4246.49-80.99 157 Canada 254 Greater Sudbury
95%
2537.22-93.3 159 United States 230 Springfield
95%
3524.14-110.31 171 Mexico 225 La Paz
95%
2423.52-75.79 7 Bahamas 232 George Town
95%
86-12.97-38.48 3,650 Brazil 667 Salvador
95%
2732.0823.98 121 Libya 368 Tobruk
95%
4614.5449.12 258 Yemen 483 Al Mukalla
95%
3614.48-4.18 108 Mali 366 Mopti
95%
2855.74-97.86 12 Canada 585 Thompson
95%
2437.5961.83 114 Turkmenistan 224 Mary
95%
269.52138.12 7 Federated States of Micronesia 467 Colonia
95%
5013.6325.35 252 Sudan 254 El Fasher
95%
2948.1-77.78 31 Canada 235 Val-d'Or
95%
83-15.78-47.92 3,825 Brazil 623 Brasília
95%
83-5.78-35.24 1,370 Brazil 256 Natal
95%
27-25.1846.09 66 Madagascar 318 Ambovombe
95%
3460.15-1.15 22 United Kingdom 339 Lerwick
95%
31-31.4-64.18 1,620 Argentina 646 Córdoba
95%
24-23.7133.88 25 Australia 1,284 Alice Springs
95%
2424.34124.16 44 Japan 247 Ishigaki
95%
39-26.82-65.22 781 Argentina 517 San Miguel de Tucuman
95%
2419.73-155.09 43 United States 337 Hilo
95%
74-16.4-71.54 841 Peru 361 Arequipa
95%
3053.15140.72 27 Russia 385 Nikolayevsk-on-Amur
95%
706.13102.24 1,459 Malaysia 225 Kota Bharu
95%
5221.31-157.86 1,000 United States 3,852 Honolulu
95%
85-1.2836.82 5,200 Kenya 667 Nairobi
95%
33-6.21155.54 40 Papua New Guinea 603 Arawa
95%
6715.3675.13 1,050 India 372 Hubli
95%
77-11.6827.48 1,870 Democratic Republic of the Congo 422 Lubumbashi
95%
5526.1691.77 1,060 India 302 Guwahati
95%
4160.1364.79 39 Russia 226 Uray
95%
5620.97-89.62 1,070 Mexico 627 Mérida
95%
785.32-4.04 5,050 Côte d'Ivoire 832 Abidjan
95%
716.31-10.8 1,340 Liberia 359 Monrovia
95%
7716.7896.17 5,150 Myanmar 575 Yangon
95%
6815.5-88.03 1,110 Honduras 234 San Pedro Sula
95%
2848.0191.64 30 Mongolia 262 Khovd
95%
4935.12-90 1,150 United States 314 Memphis
95%
5526.21127.67 1,190 Japan 626 Naha
95%
35-5.86144.23 33 Papua New Guinea 319 Mount Hagen
95%
24-34.93138.6 1,300 Australia 655 Adelaide
95%
2947.9680.43 33 Kazakhstan 274 Ayagoz
95%
5615.3438.93 563 Eritrea 436 Asmara
95%
31-31.96115.84 2,075 Australia 2,729 Perth
95%
4435.08-106.65 545 United States 366 Albuquerque
95%
42-6.72146.98 76 Papua New Guinea 301 Lae
95%
3314.45-11.44 78 Mali 251 Kayes
95%
4921.17-86.85 542 Mexico 288 Cancun
95%
565.97116.07 457 Malaysia 671 Kota Kinabalu
95%
4219.6237.22 489 Sudan 296 Port Sudan
95%
509.4-0.84 360 Ghana 312 Tamale
94%
7610.96-74.8 2,000 Colombia 344 Barranquilla
94%
4532.8913.18 1,110 Libya 513 Tripoli
94%
7553.927.57 1,960 Belarus 435 Minsk
94%
369.1418.39 102 Chad 261 Sagh
94%
78-16.5-68.15 1,890 Bolivia 1,078 La Paz
94%
3613.77-13.67 78 Senegal 267 Tambacounda
94%
546.91122.07 457 Philippines 263 Zamboanga
94%
18-26.5818.13 15 Namibia 371 Keetmanshoop
94%
3241.7686.15 179 China 255 Sayibage
94%
98-4.3315.31 10,600 Democratic Republic of the Congo 1,781 Kinshasa
94%
30-5.81-61.3 14 Brazil 268 Manicore
94%
1419.9656.28 1 Oman 297 Hayma'
94%
35-22.28166.46 93 France 1,457 Noumea
94%
697.13-73.13 1,130 Colombia 286 Bucaramanga
94%
535.84118.12 392 Malaysia 226 Sandakan
94%
16-26.57148.79 5 Australia 255 Roma
94%
3532.8759.22 196 Iran 321 Birjand
94%
2914.04-83.39 33 Nicaragua 227 Bilwi
94%
670.56101.43 1,180 Indonesia 282 Pekanbaru
94%
54-12.7815.74 226 Angola 395 Huambo
94%
37-30.05-51.2 4,075 Brazil 844 Porto Alegre
94%
455.87-55.17 223 Suriname 346 Paramaribo
94%
41-12.2849.29 82 Madagascar 497 Antsiranana
94%
18-26.6515.16 15 Namibia 296 Luderitz
94%
529.313.4 436 Cameroon 282 Garoua
94%
53-12.3613.54 207 Angola 243 Lobito
94%
48-12.15-44.99 158 Brazil 425 Barreiras
94%
2453.32-60.33 7 Canada 442 Happy Valley-Goose Bay
94%
2942.8393.51 137 China 354 Hami
94%
28-12.62141.88 2 Australia 418 Weipa
94%
620.399.45 578 Gabon 405 Libreville
94%
379.1499.33 127 Thailand 267 Surat Thani
94%
39-12.74-60.15 63 Brazil 284 Vilhena
94%
46-12.46130.84 129 Australia 720 Darwin
94%
2542.87-106.31 55 United States 228 Casper
94%
3414.93-23.51 113 Cape Verde 650 Praia
94%
771176.95 2,450 India 227 Coimbatore
94%
2651.13133.01 14 Russia 259 Chegdomyn
94%
37-12.7845.23 54 France 345 Mamoudzou
94%
2055.34-160.5 - United States 364 Sand Point
94%
29-6.64-52 16 Brazil 339 Sao Felix do Xingu
94%
67-15.7835.01 584 Malawi 239 Blantyre
94%
3422.795.52 73 Algeria 689 Tamanrasset
94%
29-6.66-69.87 17 Brazil 268 Eirunepe
94%
28-6.12141.29 11 Papua New Guinea 261 Kiunga
94%
7456.8560.6 1,600 Russia 1,018 Yekaterinburg
94%
3841.8129.78 327 North Korea 225 Chongjin
94%
600.5225.19 539 Democratic Republic of the Congo 606 Kisangani
94%
2815.21145.75 48 United States 2,039 Saipan
94%
2324.223.29 46 Libya 746 Al Jawf
94%
67-15.6-56.1 521 Brazil 557 Cuiaba
94%
5732.751.7 2,750 Iran 330 Isfahan
94%
30-6.4816.82 20 Democratic Republic of the Congo 230 Kasongo-Lunda
94%
45-11.86-55.5 116 Brazil 417 Sinop
93%
312663.04 75 Pakistan 269 Turbat
93%
11-35117.87 33 Australia 276 Albany
93%
2018.441.41 11 Mali 285 Kidal
93%
3846.52-84.33 74 Canada 256 Sault Ste. Marie
93%
753.5898.65 3,425 Indonesia 342 Medan
93%
49-11.4734.02 175 Malawi 277 Mzuzu
93%
35-12.73-69.18 38 Peru 314 Tambopata
93%
2932.63-16.9 100 Portugal 463 Funchal
93%
330.346.73 53 São Tomé and Príncipe 256 Sao Tome
93%
430.54123.06 144 Indonesia 224 Gorontalo
93%
783.17101.7 7,000 Malaysia 1,006 Kuala Lumpur
93%
2930.9841.04 148 Saudi Arabia 332 'Ar'ar
93%
2656.32160.85 10 Russia 382 Klyuchi
93%
6653.55-113.5 1,270 Canada 277 Edmonton
93%
6226.58106.72 2,875 China 331 Guiyang
93%
249.45170.24 - Marshall Islands 284 Wotje
93%
13-27.11-109.35 4 Chile 3,530 Hanga Roa
93%
2151.23-58.65 3 Canada 245 Saint-Augustin
93%
2059.08159.96 3 Russia 312 Palana
93%
1759.04-158.46 2 United States 268 Dillingham
93%
436.8-58.16 235 Guyana 521 Georgetown
93%
49-0.3642.55 234 Somalia 408 Kismayo
93%
734.817.01 2,075 Nigeria 310 Port Harcourt
93%
22-6.22-57.75 1 Brazil 287 Jacareacanga
93%
3342.4559.61 230 Uzbekistan 502 Nukus
93%
3822.4-79.97 250 Cuba 240 Santa Clara
93%
6213.065.24 563 Nigeria 342 Sokoto
93%
703.4-76.5 2,925 Colombia 299 Cali
93%
29-12.19136.78 3 Australia 550 Nhulunbuy
93%
642.0745.37 1,720 Somalia 1,021 Mogadishu
93%
53-0.89119.87 282 Indonesia 306 Palu
92%
4553.7291.43 167 Russia 271 Abakan
92%
253.8547.18 26 Somalia 220 Ceeldheer
92%
6126.4350.1 2,375 Saudi Arabia 387 Dammam
92%
35-11.7819.92 21 Angola 240 Luena
92%
374.93-52.33 61 France 330 Cayenne
92%
276.6273.07 9 Maldives 274 Kulhudhuffushi
92%
2214.1215.31 18 Chad 223 Mao
92%
618.35-62.64 746 Venezuela 522 Ciudad Guayana
92%
39-0.88131.26 125 Indonesia 462 Sorong
92%
4426.3343.97 391 Saudi Arabia 330 Buraydah
92%
3712.8711.05 125 Nigeria 246 Gashua
92%
193.91-159.39 - Kiribati 297 Napari Village
92%
365.66-67.62 52 Venezuela 246 Puerto Ayacucho
92%
47-15.7246.32 154 Madagascar 376 Mahajanga
92%
30-5.55150.14 18 Papua New Guinea 269 Kimbe
92%
484.8531.58 300 South Sudan 513 Juba
92%
675.41100.33 1,550 Malaysia 275 George Town
92%
4113.1103.2 150 Cambodia 238 Battambang
92%
35-0.4539.65 67 Kenya 293 Garissa
92%
8212.65-8 2,950 Mali 920 Bamako
92%
346.7747.43 61 Somalia 369 Gaalkacyo
92%
7512.15-86.27 1,340 Nicaragua 342 Managua
92%
3132.53-93.75 199 United States 274 Shreveport
92%
1760.06-128.71 1 Canada 357 Watson Lake
92%
735856.25 1,100 Russia 290 Perm
92%
2122.67-3.98 3 Mali 420 Taoudenni
92%
2622.72-12.45 38 Mauritania 374 Zouerat
92%
5626.2973.02 1,320 India 286 Jodhpur
92%
4328.436.57 455 Saudi Arabia 395 Tabuk
92%
36-5.62132.79 39 Indonesia 391 Tual
92%
7712.37-1.52 2,100 Burkina Faso 628 Ouagadougou
92%
444.5813.68 218 Cameroon 253 Bertoua
92%
4213.14123.73 179 Philippines 245 Legaspi
92%
55-5.53-47.49 218 Brazil 463 Imperatriz
92%
1960-111.89 2 Canada 234 Fort Smith
92%
5653.7687.11 539 Russia 226 Novokuznetsk
92%
84-2.22-79.92 3,000 Ecuador 994 Guayaquil
92%
36-11.743.26 42 Comoros 245 Moroni
92%
59-16.74-43.86 332 Brazil 336 Montes Claros
92%
1832.38-64.68 1 United Kingdom 1,083 Saint George's
91%
4227.7168.86 417 Pakistan 260 Sukkur
91%
89-3.75-38.58 3,575 Brazil 627 Fortaleza
91%
3021.99100.73 62 China 248 Jinghong
91%
14-22.45-151.34 1 France 553 Moerai
91%
3413.1-59.62 98 Barbados 339 Bridgetown
91%
87128.52 4,125 Nigeria 833 Kano
91%
5910.13-64.7 424 Venezuela 241 Barcelona
91%
3628.1-15.41 381 Spain 619 Las Palmas de Gran Canaria
91%
3627.94109.6 370 China 237 Fenghuang
91%
7117.7383.3 1,980 India 433 Vishakhapatnam
91%
1956.46138.18 1 Russia 265 Ayan
91%
4626.7188.43 515 India 259 Shiliguri
91%
3921.38-77.92 347 Cuba 264 Camaguey
91%
31-0.373.42 11 Maldives 494 Fuvahmulah
91%
2632.45-99.73 117 United States 228 Abilene
91%
25-0.53166.91 2 Nauru 700 Arijejen
91%
324.7445.2 55 Somalia 248 Beledweyne
91%
63-15.1239.27 388 Mozambique 462 Nampula
91%
316.9919.19 56 Central African Republic 253 Kaga Bandoro
91%
19-12.1696.82 - Australia 985 West Island
91%
33-16.1749.77 41 Madagascar 222 Mananara
91%
3027.67-8.15 45 Algeria 237 Tindouf
91%
2344.67102.17 27 Mongolia 506 Hovd
91%
277.09171.38 25 Marshall Islands 661 Majuro
91%
5917.6775.9 1,030 India 236 Sholapur
91%
614.3718.56 1,060 Central African Republic 783 Bangui
91%
256.96158.21 6 Federated States of Micronesia 561 Kolonia
91%
6-37.07-12.31 - United Kingdom 2,429 Edinburgh of the Seven Seas
91%
414.75-6.64 196 Côte d'Ivoire 236 San-Pedro
91%
7112.1115.05 1,210 Chad 710 N'Djamena
91%
77-4.0439.69 1,120 Kenya 308 Mombasa
90%
5213.1632.66 345 Sudan 264 Kosti
90%
6226.8680.91 3,325 India 415 Lucknow
90%
2328.37129.48 41 Japan 247 Naze
90%
5313.1830.22 393 Sudan 361 El Obeid
90%
2528.5865.42 30 Pakistan 235 Kharan
90%
2949.63100.16 27 Mongolia 292 Mörön
90%
73-17.41-66.17 1,200 Bolivia 233 Cochabamba
90%
7013.522.12 1,120 Niger 414 Niamey
90%
3917.733.99 107 Sudan 278 Atbara
90%
444.41114.01 228 Malaysia 286 Miri
90%
4047.56-52.71 99 Canada 591 Saint John's
90%
4247.7867.77 104 Kazakhstan 369 Zhezqazghan
90%
501.48124.85 451 Indonesia 513 Manado
90%
235.33132.22 - Palau 274 Sonsorol Village
90%
67-3.75-73.25 437 Peru 702 Iquitos
90%
235.92169.64 1 Marshall Islands 231 Jabor
90%
3610.39-9.31 114 Guinea 288 Kankan
90%
21-1.18136.08 4 Indonesia 225 Biak
90%
17-22.35-60.03 8 Paraguay 233 Filadelfia
90%
285.32163.01 9 Federated States of Micronesia 647 Tofol
90%
21-15.94-5.72 - United Kingdom 1,917 Jamestown
90%
89-8.8413.23 6,800 Angola 549 Luanda
90%
22-15.95-173.8 - Tonga 284 Hihifo
90%
6661.22-149.9 291 United States 2,134 Anchorage
90%
36-15.89-52.26 52 Brazil 227 Barra do Garcas
90%
34-11.3-41.86 63 Brazil 257 Irece
90%
3443.6551.17 147 Kazakhstan 306 Aktau
90%
6661.2573.42 300 Russia 640 Surgut
90%
521.55110.33 570 Malaysia 702 Kuching
90%
75-0.21-78.5 2,550 Ecuador 272 Quito
90%
6326.9275.81 3,525 India 239 Jaipur
90%
3344.08-103.23 67 United States 417 Rapid City
90%
5011.4626.13 264 Sudan 484 El Daein
90%
24-0.97-62.92 7 Brazil 329 Barcelos
90%
4831.69-106.49 1,440 Mexico 562 Ciudad Juárez
90%
5818-76.79 937 Jamaica 475 Kingston
90%
6058.649.66 457 Russia 287 Kirov
89%
75-1.9530.06 1,000 Rwanda 376 Kigali
89%
45-4.09-63.14 50 Brazil 293 Coari
89%
3047.7496.84 16 Mongolia 272 Uliastay
89%
93-7.25112.75 4,700 Indonesia 573 Surabaya
89%
3020.93-17.03 72 Mauritania 324 Nouadhibou
89%
29-0.87134.08 53 Indonesia 314 Manokwari
89%
16-16.659.66 - Mauritius 431 Cargados Carajos
89%
77-1.45-48.48 2,150 Brazil 1,129 Belém
89%
2543.47-112.03 56 United States 249 Idaho Falls
89%
55-3.98122.52 195 Indonesia 365 Kendari
89%
2910.2822.79 10 Central African Republic 286 Birao
89%
452.82-60.67 235 Brazil 649 Boa Vista
89%
20-31.39-58.02 145 Argentina 240 Concordia
89%
6661.7834.35 265 Russia 291 Petrozavodsk
89%
5811.18-4.3 360 Burkina Faso 328 Bobo-Dioulasso
89%
94-8.08-34.92 3,775 Brazil 1,630 Recife
89%
25-0.74-90.31 8 Ecuador 1,054 Puerto Ayora
89%
3143.55-96.7 153 United States 262 Sioux Falls
89%
2832.3-90.18 173 United States 224 Jackson
89%
402.7732.3 146 Uganda 243 Gulu
89%
6662.03129.73 235 Russia 1,353 Yakutsk
89%
3343.97116.03 120 China 303 Xilin Hot
89%
2449.78-92.75 8 Canada 251 Dryden
89%
3711.1339.63 136 Ethiopia 250 Dese
89%
211.2-70.17 5 Colombia 314 Mitu
89%
28-15.78128.74 5 Australia 405 Kununurra
89%
64-3.3736.68 341 Tanzania 230 Arusha
89%
32-15.52167.16 13 Vanuatu 274 Luganville
89%
63-3.8102.27 309 Indonesia 285 Bengkulu
89%
3343.61-116.2 145 United States 459 Boise
89%
342.1922.47 95 Democratic Republic of the Congo 322 Bumba
89%
2349.6363.5 5 Kazakhstan 230 Torghay
89%
63-3.7128.18 355 Indonesia 682 Ambon
89%
5161.2646.65 59 Russia 226 Kotlas
88%
2846.54-87.4 21 United States 230 Marquette
88%
368.5716.08 135 Chad 296 Moundou
88%
294.2615.79 61 Central African Republic 236 Berberati
88%
2420.52-13.05 24 Mauritania 251 Atar
88%
2321.8417.43 1 Chad 446 Aozou
88%
2520.4645.58 24 Saudi Arabia 314 As Sulayyil
88%
49-16.92145.77 153 Australia 281 Cairns
88%
79-19.92-43.92 4,925 Brazil 340 Belo Horizonte
88%
3853.92-122.75 65 Canada 397 Prince George
88%
81-8.12-79.03 747 Peru 483 Trujillo
88%
44-3.36135.5 43 Indonesia 317 Nabire
88%
23-16.51-151.75 4 France 256 Vaitape
88%
281.33172.98 40 Kiribati 1,871 Tarawa
88%
6361.6850.81 230 Russia 349 Syktyvkar
88%
2459.36143.21 5 Russia 430 Okhotsk
88%
41-27.46153.04 2,900 Australia 738 Brisbane
88%
2122.3531.62 5 Egypt 233 Abu Sunbul
88%
79-8.65115.22 1,500 Indonesia 313 Denpasar
88%
4147.8588.13 139 China 426 Altay
88%
6764.5440.54 356 Russia 729 Arkhangel'sk
88%
8-41.29174.78 381 New Zealand 490 Wellington
88%
5354.3518.65 461 Poland 244 Gdansk
88%
6264.14-21.9 118 Iceland 1,325 Reykjavik
88%
354.1773.51 103 Maldives 609 Male
88%
11-31.96141.46 18 Australia 255 Broken Hill
88%
45-3.5223.6 68 Democratic Republic of the Congo 265 Lodja
88%
4520.02-75.82 555 Cuba 245 Santiago de Cuba
88%
2836.7167.11 303 Afghanistan 250 Mazar-e Sharif
88%
4749.2119.7 211 China 366 Hailar
88%
63-1.24116.89 700 Indonesia 514 Balikpapan
87%
6363.4310.4 147 Norway 392 Trondheim
87%
56-14.87-40.84 253 Brazil 327 Vitória da Conquista
87%
6063.8320.26 74 Sweden 272 Umea
87%
5126.87100.22 1,137 China 316 Lijiang
87%
520.04-51.07 338 Brazil 329 Macapa
87%
278.2534.58 42 Ethiopia 256 Gambela
87%
79-18.9247.52 2,225 Madagascar 1,610 Antananarivo
87%
2653.89-166.54 4 United States 820 Dutch Harbor
87%
3813.4522.45 162 Sudan 314 Geneina
87%
3511.2849.18 74 Somalia 360 Bosaso
87%
48-14.9213.49 102 Angola 259 Lubango
87%
4412.4498.6 173 Myanmar 251 Myeik
87%
9-31.5145.84 4 Australia 241 Cobar
87%
5863.1975.44 110 Russia 240 Noyabrsk
87%
420.1429.29 154 Democratic Republic of the Congo 246 Butembo
87%
26-3.84-32.41 3 Brazil 370 Fernando de Noronha (Distrito Estadual)
87%
318.43-82.43 82 Panama 246 David
87%
5965.0125.47 128 Finland 400 Oulu
87%
65-8.933.45 291 Tanzania 561 Mbeya
87%
52-7.21-39.32 225 Brazil 379 Juazeiro do Norte
87%
3211.0229.72 87 Sudan 232 Kadugli
87%
258.77167.74 15 Marshall Islands 442 Ebaye
87%
5212.25109.19 283 Vietnam 296 Nha Trang
87%
83-5.14119.43 1,780 Indonesia 775 Makassar
87%
6163.5753.68 102 Russia 257 Ukhta
87%
6816.5280.63 1,760 India 248 Vijayawada
87%
2553.83-101.25 6 Canada 301 The Pas
87%
46-14.83-64.9 84 Bolivia 313 Trinidad
87%
2711.0320.28 28 Chad 294 Am Timan
87%
440.0518.26 184 Democratic Republic of the Congo 477 Mbandaka
87%
82-3.1-60 2,075 Brazil 1,294 Manaus
87%
17-2421.78 4 Botswana 237 Hukuntsi
86%
58-8.5119.89 188 Indonesia 374 Labuhanbajo
86%
74-5.1-42.78 1,010 Brazil 329 Teresina
86%
3053.74127.26 26 Russia 227 Zeya
86%
2764.28100.22 5 Russia 559 Tura
86%
4464.18-51.72 14 Denmark 1,437 Nuuk
86%
52-8.56125.57 150 East Timor 280 Dili
86%
1964.42-173.23 2 Russia 376 Provideniya
86%
30-3.55143.63 18 Papua New Guinea 263 Wewak
86%
2410.5772.64 10 India 326 Kavaratti
86%
1864.06-139.43 1 Canada 284 Dawson City
86%
65-8.76-63.9 306 Brazil 759 Porto Velho
86%
2553.73119.77 12 Russia 289 Mogocha
86%
65-8.38-74.55 310 Peru 413 Pucallpa
86%
3512.58-81.7 58 Colombia 321 San Andres
86%
79-2.98104.75 1,690 Indonesia 421 Palembang
86%
5162.1465.39 52 Russia 229 Nyagan
86%
3164.57143.24 9 Russia 682 Ust-Nera
85%
37-4.35152.26 26 Papua New Guinea 417 Kokopo
85%
4964.84-147.72 31 United States 418 Fairbanks
85%
39-4.22-69.94 29 Colombia 371 Leticia
85%
6711.5943.15 623 Djibouti 432 Djibouti
85%
22-8.54-172.52 - New Zealand 543 Atafu Village
85%
48-4.28-55.98 64 Brazil 247 Itaituba
85%
6457.6339.87 606 Russia 250 Yaroslavl
85%
33-4.6255.45 22 Seychelles 1,085 Victoria
85%
227.34134.47 14 Palau 876 Koror State
85%
70-4.7811.86 659 Republic of the Congo 383 Pointe-Noire
85%
2064.5-165.41 3 United States 453 Nome
85%
231.7540.06 45 Kenya 247 Wajir
85%
2344.88110.12 19 Mongolia 417 Saynshand
85%
43-7.63-72.67 79 Brazil 223 Cruzeiro do Sul
85%
3464.73177.51 10 Russia 1,492 Anadyr
85%
28-8.52179.19 4 Tuvalu 873 Funafuti
85%
41-8.7424.99 73 Democratic Republic of the Congo 224 Kamina
85%
5856.8553.2 631 Russia 223 Izhevsk
85%
5956.9524.11 742 Latvia 362 Riga
85%
2963.75-68.51 6 Canada 821 Iqaluit
84%
3558.61125.4 24 Russia 221 Aldan
84%
2417.9319.1 13 Chad 276 Faya-Largeau
84%
3463.28118.33 9 Russia 237 Nyurba
84%
2612.6554.02 8 Yemen 333 Hadibu
84%
3558.3745.52 29 Russia 225 Shar'ya
84%
47-7.9731.62 89 Tanzania 226 Sumbawanga
84%
30-0.2820.88 32 Democratic Republic of the Congo 278 Boende
84%
69-3.32114.59 572 Indonesia 344 Banjarmasin
84%
390.79127.38 101 Indonesia 255 Ternate
84%
3449.03104.08 79 Mongolia 241 Erdenet
84%
39-7.53-46.04 68 Brazil 242 Balsas
84%
63-19.8434.84 530 Mozambique 449 Beira
84%
65-18.92-48.28 563 Brazil 254 Uberlandia
84%
372.7727.62 127 Democratic Republic of the Congo 345 Isiro
84%
2331.3527.24 62 Egypt 258 Mersa Matruh
83%
51-5.0418.82 186 Democratic Republic of the Congo 267 Kikwit
83%
72-17.8231.04 2,325 Zimbabwe 975 Harare
83%
2248.95-57.95 18 Canada 341 Corner Brook
83%
55-18.01-70.25 280 Peru 224 Tacna
83%
26-1.8711.06 22 Gabon 242 Mouila
83%
162.02-157.49 1 Kiribati 1,895 Tabwakea Village
83%
31-4.88-66.9 18 Brazil 296 Carauari
83%
9-32.12133.68 1 Australia 336 Ceduna
83%
2058.81-122.7 4 Canada 305 Fort Nelson
83%
30-0.13-67.09 15 Brazil 285 Sao Gabriel da Cachoeira
83%
54-19.27146.81 196 Australia 1,087 Townsville
83%
36-29.8730.98 3,225 South Africa 501 Durban
83%
29-1.6313.58 42 Gabon 286 Franceville
83%
2548.97140.29 29 Russia 251 Sovetskaya Gavan'
83%
69-20.32-40.37 1,790 Brazil 373 Vitória
83%
53-2.9425.92 135 Democratic Republic of the Congo 328 Kindu
83%
73-17.75-63.23 1,860 Bolivia 542 Santa Cruz
83%
49-5.0232.83 145 Tanzania 276 Tabora
83%
4317.07-96.72 262 Mexico 241 Oaxaca
82%
63-9.44147.18 283 Papua New Guinea 2,086 Port Moresby
82%
49-3.2-52.21 70 Brazil 288 Altamira
82%
4450.42124.12 135 China 244 Jagdaqi
82%
2831.62-2.22 143 Algeria 341 Bechar
82%
4117.42102.79 247 Thailand 462 Udon Thani
82%
5150.2857.21 262 Kazakhstan 222 Aqtobe
82%
26-8.1156.84 6 Solomon Islands 253 Gizo
82%
3762.01-6.77 13 Denmark 366 Torshavn
82%
4750.28127.54 221 Russia 234 Blagoveshchensk
82%
4550.45-104.62 176 Canada 232 Regina
82%
2531.1397.18 86 China 440 Qamdo
82%
73-2.52-44.27 1,410 Brazil 483 São Luís
82%
19-2.02147.27 5 Papua New Guinea 390 Lorengau
82%
58-9.4-40.5 194 Brazil 274 Petrolina
82%
52-2.44-54.71 189 Brazil 489 Santarem
82%
66-20.1528.58 699 Zimbabwe 365 Bulawayo
82%
2258.52-117.14 3 Canada 252 High Level
82%
3150.2566.92 42 Kazakhstan 281 Arkalyk
82%
4556.79105.77 48 Russia 230 Ust'-Kut
82%
22-7.93-14.42 - United Kingdom 1,296 Georgetown
82%
1961.28108.02 2 Russia 302 Yerbogachen
82%
5957.1565.53 519 Russia 300 Tyumen
82%
63-20.44-54.65 729 Brazil 619 Campo Grande
82%
5916.07108.22 752 Vietnam 493 Da Nang
82%
31-27.37-55.9 312 Argentina 242 Posadas
81%
18-1.45.63 4 Equatorial Guinea 227 Pale
81%
27-27.37-70.33 129 Chile 295 Copiapo
81%
6257.7111.97 504 Sweden 228 Gothenburg
81%
20-28.4521.26 71 South Africa 344 Upington
81%
30-27.46-58.98 387 Argentina 274 Resistencia
81%
52-3.3217.38 118 Democratic Republic of the Congo 248 Bandundu
81%
31-17.96122.24 12 Australia 462 Broome
80%
3611.6792.75 112 India 604 Port Blair
80%
44-19.01-57.65 96 Brazil 352 Corumba
80%
273.5239.05 34 Kenya 225 Moyale
80%
5-40.81-63 48 Argentina 229 Viedma
80%
5-41.47-72.94 160 Chile 304 Puerto Montt
80%
30-18.3721.84 5 Botswana 224 Shakawe
80%
3054.52-128.6 19 Canada 387 Terrace
80%
292.7924.73 50 Democratic Republic of the Congo 256 Buta
80%
38-17.9319.77 58 Namibia 583 Rundu
80%
2361.6896.38 3 Russia 231 Baykit
80%
42-18.14178.44 77 Fiji 1,332 Suva
80%
1961.99-49.67 1 Denmark 240 Paamiut
80%
61-2.5232.9 436 Tanzania 315 Mwanza
80%
38-15.2523.13 52 Zambia 408 Mongu
80%
1861.53-166.1 1 United States 247 Hooper Bay
79%
36-15.23-59.34 29 Brazil 232 Pontes e Lacerda
79%
40-9.43159.95 56 Solomon Islands 1,402 Honiara
79%
3717.0254.09 163 Oman 598 Salalah
79%
4111.5937.39 168 Ethiopia 309 Bahir Dar
79%
31-9.08143.21 15 Papua New Guinea 324 Daru
79%
30-9.17-60.63 26 Brazil 238 Aripuana
79%
39-24.79-65.41 512 Argentina 226 Salta
79%
28-18.65-173.98 4 Tonga 303 Neiafu
79%
22-18.22127.67 1 Australia 294 Halls Creek
78%
55-20.22-70.14 227 Chile 244 Iquique
78%
33-24.6525.91 208 Botswana 245 Gaborone
78%
47-2.53140.72 134 Indonesia 1,046 Jayapura
78%
4616.75-93.11 481 Mexico 363 Tuxtla Gutierrez
77%
74-13.9833.78 1,070 Malawi 515 Lilongwe
77%
5811.86-15.6 388 Guinea-Bissau 331 Bissau
77%
143131.12 - Palau 373 Tobi Village
77%
5316.86-99.89 652 Mexico 237 Acapulco
77%
59-13.52-71.97 312 Peru 321 Cusco
77%
48-17.8836.89 188 Mozambique 306 Quelimane
77%
36-19.5718.12 24 Namibia 250 Grootfontein
77%
26-24.87152.35 70 Australia 294 Bundaberg
77%
2226.488.47 6 Algeria 240 Illizi
76%
4211.7934.36 186 Sudan 238 Ad-Damazin
76%
27-19.65134.19 3 Australia 449 Tennant Creek
76%
32-17.73168.32 35 Vanuatu 539 Port Vila
76%
26-29.1226.21 463 South Africa 319 Bloemfontein
76%
1954.72135.32 1 Russia 267 Chumikan
76%
33-17.55-149.6 29 France 2,409 Faaa
76%
31-17.7815.68 33 Namibia 394 Oshakati
76%
27-19.6863.42 6 Mauritius 596 Port Mathurin
76%
2657.79-152.41 6 United States 299 Kodiak
76%
24-29.68-53.81 249 Brazil 251 Santa Maria
76%
40-17.88-51.71 76 Brazil 266 Jatai
76%
44-17.8425.85 109 Zambia 373 Livingstone
76%
4968.9833.09 319 Russia 593 Murmansk
76%
5349.9782.61 319 Kazakhstan 385 Ust-Kamenogorsk
76%
2717.1821.59 23 Chad 379 Fada
76%
52-18.85-41.95 250 Brazil 222 Governador Valadares
75%
12-38.72-62.27 276 Argentina 419 Bahia Blanca
75%
3216.27-0.04 87 Mali 383 Gao
75%
12-38.74-72.6 238 Chile 228 Temuco
75%
11-36.72-73.12 252 Chile 415 Talcahuano
75%
18-19.06-169.92 - New Zealand 430 Alofi
75%
33-9.6620.39 40 Angola 361 Saurimo
75%
13-38-57.56 553 Argentina 343 Mar del Plata
75%
23-29.95-71.34 161 Chile 320 Coquimbo
75%
10-36.62-64.28 111 Argentina 293 Santa Rosa
75%
48-20.1657.5 155 Mauritius 880 Port Louis
75%
3216.15-13.5 55 Mauritania 263 Kaedi
75%
2716.2152.18 10 Yemen 223 Al Ghayzah
75%
14-29.6617.89 10 South Africa 229 Springbok
74%
5662.8927.68 89 Finland 237 Kuopio
74%
43-20.8855.45 137 France 228 Saint-Denis
74%
23-9.8-139.03 1 France 1,401 Atuona
74%
27-2.57150.8 14 Papua New Guinea 255 Kavieng
72%
3157.85114.19 15 Russia 322 Bodaybo
72%
11-29.05167.97 - Australia 709 Kingston
72%
16-30.75121.47 31 Australia 542 Kalgoorlie
72%
17-13.28-176.17 1 France 383 Mata-Utu
72%
5165.1557.22 46 Russia 245 Pechora
71%
22-19.55169.27 1 Vanuatu 224 Isangel
71%
58-9.97-67.81 257 Brazil 449 Rio Branco
71%
59-10.17123.61 282 Indonesia 722 Kupang
71%
537.69-5.03 567 Côte d'Ivoire 275 Bouake
71%
3616.977.99 124 Niger 366 Agadez
71%
13-30.56136.9 4 Australia 228 Roxby Downs
70%
5062.476.15 44 Norway 235 Alesund
70%
52-14.07-75.73 246 Peru 228 Ica
70%
9-43.53172.63 363 New Zealand 305 Christchurch
70%
38-19.9823.42 49 Botswana 349 Maun
70%
4962.54113.96 40 Russia 787 Mirny
69%
4327.1956.28 352 Iran 222 Bandar 'Abbas
69%
6-42.88147.33 216 Australia 582 Hobart
69%
3116.89-24.98 70 Cape Verde 267 Mindelo
69%
3827.5241.69 267 Saudi Arabia 262 Hayil
69%
37-20.2944.32 36 Madagascar 282 Morondava
69%
14-24.88113.66 7 Australia 442 Carnarvon
69%
3827.16-13.2 196 Morocco 241 El Aaiún
68%
4-43.25-65.31 93 Argentina 338 Trelew
68%
30-20.31118.61 15 Australia 1,021 Port Hedland
68%
34-20.73139.5 22 Australia 665 Mount Isa
68%
3627.260.68 131 Iran 254 Iranshahr
68%
4269.3588.2 140 Russia 1,082 Noril'sk
67%
5066.0876.63 94 Russia 327 Novyy Urengoy
67%
28-13.83-171.77 40 Samoa 1,151 Apia
67%
26-14.47132.26 5 Australia 259 Katherine
67%
3027.192.46 49 Algeria 317 In Salah
67%
3527.0414.43 130 Libya 595 Sabha
66%
10-25.07-130.1 - United Kingdom 539 Adamstown
66%
53-10.17-48.33 196 Brazil 521 Palmas
66%
4158.2492.48 65 Russia 229 Lesosibirsk
66%
35-14.6617.69 32 Angola 264 Menongue
65%
10-29.01134.75 1 Australia 268 Coober Pedy
65%
41-10.2740.18 96 Tanzania 301 Mtwara
63%
43-9.93-76.24 147 Peru 248 Huanuco
63%
3669.6518.96 52 Norway 561 Tromso
63%
40-10.2131.18 91 Zambia 288 Kasama
63%
4667.564.05 80 Russia 574 Vorkuta
63%
3458.3-134.42 31 United States 872 Juneau
62%
3458.3182.91 27 Russia 224 Kolpashevo
62%
337.728 127 South Sudan 451 Wau
61%
237.45151.85 13 Federated States of Micronesia 1,016 Weno
61%
28-10.32150.46 10 Papua New Guinea 298 Alotau
61%
2616.62-7.25 60 Mauritania 369 Nema
60%
2962.78148.15 7 Russia 314 Susuman
60%
4062.46-114.35 15 Canada 659 Yellowknife
60%
2616.77-3.01 32 Mali 282 Timbuktu
60%
2516.62-11.4 40 Mauritania 230 Kiffa
59%
36-14.22-42.78 58 Brazil 221 Guanambi
59%
2365.4452.15 5 Russia 221 Ust-Tsilma
58%
3-43.95-176.56 - New Zealand 684 Waitangi
57%
4365.68-18.09 17 Iceland 249 Akureyri
57%
1665.28-126.83 1 Canada 432 Norman Wells
57%
2169.7170.3 4 Russia 240 Pevek
56%
34-21.15149.17 74 Australia 323 Mackay
56%
1969.22-51.1 4 Denmark 275 Ilulissat
55%
1669.31139.98 3 Russia 285 Deputatsky
55%
1768.75161.33 3 Russia 223 Cherskiy
55%
43-10.89-61.95 107 Brazil 317 Ji Parana
55%
16-14.29-178.17 - France 242 Sigave
54%
14-28.78114.61 26 Australia 371 Geraldton
52%
1862.82-92.08 2 Canada 853 Rankin Inlet
52%
35-21.54-64.73 159 Bolivia 282 Tarija
51%
19-10.42105.68 - Australia 391 Flying Fish Cove
51%
4467.2814.41 34 Norway 323 Bodo
51%
39-11.01-66.06 74 Bolivia 222 Riberalta
51%
1568.5112.45 2 Russia 231 Olenyok
50%
19-21.5721.78 9 Botswana 244 Ghanzi
50%
1568.54146.19 2 Russia 241 Belaya Gora
50%
2262.52155.79 4 Russia 359 Omsukchan
50%
28-10.7122.22 18 Angola 231 Luau
49%
28-21.14-175.2 22 Tonga 744 Nuku'alofa
49%
2568.05166.44 5 Russia 616 Bilibino
48%
4165.93111.48 15 Russia 397 Aykhal
48%
1468.63-95.88 1 Canada 670 Gjoa Haven
48%
3567.6453 18 Russia 270 Nar'yan-Mar
47%
1768.35-133.72 3 Canada 709 Inuvik
46%
970.62147.9 2 Russia 336 Chokurdakh
45%
1365.61-37.64 1 Denmark 662 Tasiilaq
44%
770.47-68.59 1 Canada 496 Clyde River
44%
5-53.15-70.91 117 Chile 847 Punta Arenas
44%
1765.73150.89 3 Russia 355 Zyryanka
42%
1270.22-150.98 3 United States 244 Nuiqsut
39%
1271.69128.86 5 Russia 875 Tiksi
38%
1171.29-156.79 4 United States 807 Barrow
38%
3-54.8-68.3 58 Argentina 250 Ushuaia
37%
871.96114.09 1 Russia 390 Saskylakh
37%
871.98102.47 3 Russia 586 Khatanga
37%
670.92-8.72 - Norway 647 Olonkinbyen
36%
25-21.21-159.78 13 New Zealand 1,139 Avarua
36%
5-45.86-67.5 140 Argentina 656 Comodoro Rivadavia
33%
5-45.87170.5 114 New Zealand 310 Dunedin
33%
5-45.58-72.07 45 Chile 357 Coihaique
33%
9-38.95-68.06 242 Argentina 503 Neuquen
33%
2-54.28-36.51 - United Kingdom 1,455 Grytviken
31%
19-10.72165.83 - Solomon Islands 396 Lata
29%
2266.94-53.67 5 Denmark 320 Sisimiut
28%
2067.46153.7 3 Russia 228 Srednekolymsk
27%
2167.66134.64 4 Russia 502 Batagay
27%
3-51.7-57.85 2 United Kingdom 726 Stanley
26%
1567.83-115.1 1 Canada 599 Kugluktuk
23%
18-10.45161.92 1 Solomon Islands 229 Kirakira
21%
1766.9-162.6 3 United States 296 Kotzebue
21%
1766.77123.37 3 Russia 321 Zhigansk
21%
178.2215.65 2 Norway 860 Longyearbyen
20%
1566.32-179.12 2 Russia 235 Egvekinot
20%
1466.15-65.71 1 Canada 297 Pangnirtung
19%
2-49.3570.22 - France 3,345 Port-aux-Francais
18%
572.79-56.15 1 Denmark 274 Upernavik
17%
1-77.85166.68 1 United States 3,482 McMurdo Station
17%
373.5180.53 1 Russia 499 Dikson
16%

Score Distribution

Percentile by Number Answered

Percent of People with Each Score

Your Score History

You have not taken this quiz